000 00911nam a2200229 a 4500
999 _c16068
_d16068
005 20181024150538.0
010 _aB-269867-892, B-284195 B-710641
020 _a9780670081455
_c495.00
035 _aB-269867-892, B-284195
035 _aB-710641
082 _a954.05
100 _aTharoor, Shashi
245 _aThe elephant, the tiger and the cell phone:
_breflections on India in the twenty - first century /
_cby Shashi Tharoor
250 _a1st ed.
260 _aNew Delhi
_bPenguin Books
_c2007
270 _a11 Community Centre, Panchsheel Park
_bNew Delhi
_e110017
300 _axiii, 387p.
_c22cm (Hb)
500 _aIncludes index.
942 _2ddc
_cEN
_h954.05
_mTHA